UBT Library

The necessary revolution : (Record no. 44156)

000 -LEADER
fixed length control field 00925cam a2200265 a 4500
001 - CONTROL NUMBER
control field 15236886
005 - DATE AND TIME OF LATEST TRANSACTION
control field 20180306045851.0
008 - FIXED-LENGTH DATA ELEMENTS--GENERAL INFORMATION
fixed length control field 080328s2008 nyua b 001 0 eng
010 ## - LIBRARY OF CONGRESS CONTROL NUMBER
LC control number 2008013878
020 ## - INTERNATIONAL STANDARD BOOK NUMBER
International Standard Book Number 9780385519014 (hbk.)
020 ## - INTERNATIONAL STANDARD BOOK NUMBER
International Standard Book Number 038551901X (hbk.)
035 ## - SYSTEM CONTROL NUMBER
System control number (OCoLC)ocn215176047
035 ## - SYSTEM CONTROL NUMBER
System control number (OCoLC)215176047
040 ## - CATALOGING SOURCE
Original cataloging agency DLC
Transcribing agency DLC
Modifying agency BAKER
-- C#P
-- YDXCP
-- BWX
-- DLC
041 ## - LANGUAGE CODE
Language code of text/sound track or separate title eng
080 ## - UNIVERSAL DECIMAL CLASSIFICATION NUMBER
Universal Decimal Classification number 338.927 SEN
082 00 - DEWEY DECIMAL CLASSIFICATION NUMBER
Classification number 338.927 SEN
Edition number 22
100 ## - Rafti
Rafti 58
101 ## - Shkurtesa
Shkurtesa BIZ
245 04 - TITLE STATEMENT
Title The necessary revolution :
Statement of responsibility, etc Peter Senge ... [et al.].
504 ## - BIBLIOGRAPHY, ETC. NOTE
Bibliography, etc Includes bibliographical references (p. 387-399) and index.
906 ## - LOCAL DATA ELEMENT F, LDF (RLIN)
a 7
b cbc
c orignew
d 1
e ecip
f 20
g y-gencatlg
942 ## - ADDED ENTRY ELEMENTS (KOHA)
Source of classification or shelving scheme
Item type Books
Holdings
Withdrawn status Lost status Source of classification or shelving scheme Damaged status Not for loan Collection code Permanent location Current location Shelving location Date acquired Total Checkouts Full call number Barcode Date last seen Price effective from Koha item type
          Koleksioni i përgjithshem UBT - Lipjan UBT - Lipjan Koleksioni i përgjithshem 03/06/2018   338.927 SEN 002-3001144 03/06/2018 03/06/2018 Books
UBT Library © 2015-2024. All rights reserved University Education for Business and Technology